100% PSG - Statistiques

Statistiques générales
  • Ce quiz a été pris 2 473 fois
  • Le résultat moyen est 7 sur 15
Statistiques - réponses
Question Réponse % Correct
Quel est la capacité du Parc des Princes ? 48 000
73%
Le PSG gagne un match historique en 8e de finale de la Ligue des champions, 2-2 contre Chelsea en 2015, quel joueur a marqué le dernier but du match ? Thiago Silva
64%
Lequel des ces 4 entraineurs a dirigé le plus de matchs ? Laurent Blanc
59%
En 2011, Javier Pastore est transféré au PSG, en provenance de quel club ? US Palerme
52%
Contre quelle équipe le PSG remporte la Coupe des coupes en 1996 ? Rapid Vienne
50%
Le PSG s'est diversifié dans différents sports en plus du foot, qui est l'intrus ? Basket-ball
48%
Quel est la compétition qui a été la plus de fois remportée par le PSG ? Coupe de France
46%
Dans quel club jouait Thiago Motta avant de s'engager avec le psg en 2012 ? Inter Milan
45%
Lequel de ces 4 joueurs n'a pas été acheté en provenance d'Allemagne ? Eric Maxim Choupo-Moting
43%
Le 13 mars 2016, le PSG gagne 9-0 en Ligue 1, qui était l'adversaire ? Troyes
42%
Une seule des ces équipes n'a pas été battu par le PSG en quart de finales de la Ligue des champions, laquelle ? RB Leipzig
39%
Le PSG est le club Français le plus titré, mais combien en a t-il exactement ? 42 titres
36%
Le montant du plus gros départ de l'histoire du PSG est de 40 M€, de quel joueur s'agit-il ? Gonçalo Guedes
33%
Quel joueur ne fait pas partie de top 10 des meilleurs buteurs de l'histoire du club ? Raí
29%
Combiens de fois le PSG a t-il réussit l'exploit de remporter les 4 trophées nationales sur une même année ? 4 fois
11%
Aucun quiz correspondant
Distribution des résultats
% des personnes avec chaque résultat
Percentile par nombre de réponses
Votre historique - résultats
Vous n’avez pas pris ce quiz